000 00763nam a2200229Ia 4500
001 12615
003 GE_BSU
008 181216s||||||||xx |||||||||||||| ||und||
040 _cGE_BSU
080 _a575.827.2
100 _aДарвин,Чарлз
245 _aПроисхождение видов
245 _cПеревод и вводная статья К.А.Тимирязева. Вступит. статья и общ.ред.Ф.А.Дворянкина
260 _aМосква
260 _bСельхозгиз
260 _c1952
300 _a483стр.27см.
300 _cуказатель имен с.451
300 _eПредметный указатель стр.465
653 _aПроисхождение видов
942 _cBK
999 _c45787
_d45787